Mosaic;T2: Grammar

Na minha lista:
Detalhes bibliográficos
Autor principal: Patricia K. Werner
Formato: Livro
Idioma:Undetermined
Publicado em: New York McGraw-Hill 2002
Assuntos:
Tags: Adicionar Tag
Sem tags, seja o primeiro a adicionar uma tag!
Thư viện lưu trữ: Trung tâm Học liệu Trường Đại học Cần Thơ
LEADER 00530nam a2200205Ia 4500
001 CTU_57235
008 210402s9999 xx 000 0 und d
020 |b 100000 
082 |a 428.0071 
082 |b M894g 
100 |a Patricia K. Werner 
245 0 |a Mosaic;T2: Grammar 
245 0 |c Patricia K. Werner and John P. Nelson 
260 |a New York 
260 |b McGraw-Hill 
260 |c 2002 
650 |a english language 
650 |x grammar 
904 |i Minh 
980 |a Trung tâm Học liệu Trường Đại học Cần Thơ